000 00695cam a2200241 4500
008 090401t1992 xxu||||| |||| 00| 0 eng d
020 _a0851255477
035 _a(Sirsi) u32308
041 _aeng
050 _a690
110 _aBuilding Research Establishment
245 _aWood-based panel products: their contribution to the conservation of forest resources.
260 _aGarston, Watford
_bBuilding Research Establishment
_c1992
300 _a4p. : ill. ; 30cm.
350 _a0
490 _aBRE Digest
_v375
650 _aCHIPBOARD
650 _aFIBREBOARD
650 _aPARTICLEBOARD
690 _aBUILT ENVIRONMENT-BUILDING MATERIALS
942 _n0
948 _c04/03/1997
999 _c89714
_d89714